Cognitive psychology : a student's handbook /

Gardado en:
Detalles Bibliográficos
Autor Principal: Keane, Mark T.
Outros autores: Eysenck, Michael W.
Formato: Libro
Idioma:English
Publicado: Hove (UK) : Erlbaum, 1999.
Edición:3rd ed.
Những chủ đề:
Các nhãn: Engadir etiqueta
Sen Etiquetas, Sexa o primeiro en etiquetar este rexistro!
Thư viện lưu trữ: Mạng thư viện Đại học Đà Nẵng
LEADER 00871cam a2200349 i 4500
001 000048414
003 8130
005 20030307090817.0
008 010323|1999 vm 000 eng
020 |a 0863773753 
040 |a IRC  |c IRC  |d IRC 
041 0 |a eng 
082 1 4 |a 153  |b EY-M 
100 1 |a Keane, Mark T. 
245 0 0 |a Cognitive psychology :  |b a student's handbook /  |c Michael W. Eysenck, Mark T. Keane. 
250 |a 3rd ed. 
260 |a Hove (UK) :  |b Erlbaum,  |c 1999. 
300 |a 542 p. ;  |c 24.5cm. 
630 0 4 |a Cognition. 
630 0 4 |a Psychology. 
650 0 4 |a Cognition. 
700 1 |a Eysenck, Michael W. 
OWN |a DUT 
999 |a From the UDN01 
TYP |a Monograph 
TYP |a Printed language 
980 |a Mạng thư viện Đại học Đà Nẵng